Planos estaduais de resíduos sólidos : (Record no. 261)

MARC details
000 -LÍDER
Campo Fixo de Controle 00912cam a2200253 a 4500
001 - NÚMERO DE CONTROLE
Campo de Controle 261
003 - IDENTIFICAÇÃO DO NÚMERO DE CONTROLE
Campo de Controle BR-CuiBMT
005 - DATA E HORA DA ÚLTIMA ATUALIZAÇÃO
Campo de Controle 20231114005326.0
008 - DADOS FIXOS
Dados Fixos 230914s2017 mgba 000 0 por d
020 ## - INTERNATIONAL STANDARD BOOK NUMBER
Nº do ISBN 9788545004196
040 ## - AGÊNCIA CATALOGADORA
Código da Agência Catalogadora BR-CuiBMT
Agência que transcreveu o registro BR-CuiBMT
080 ## - Nº DA CLASSIFICAÇÃO DECIMAL UNIVERSAL
Nº edição CDU 2007
Nº Class. CDU 658:502.131.1
090 ## - NÚMERO DE CHAMADA
Nº classificação 658:502.131.1
Cutter L177p
100 1# - ENTRADA PRINCIPAL -- AUTOR PESSOAL
Nome pessoal Lago, Laone
245 10 - TÍTULO PRINCIPAL
Título principal Planos estaduais de resíduos sólidos :
Subtítulo política pública, gestão associada e sustentabilidade /
Indicação de responsabilidade Laone Lago ; prefácio Paulo de Bessa Antunes ; apresentação Eduardo Domingues.
260 ## - PUBLICAÇÃO, DISTRIBUIÇÃO, ETC.
Local de publicação Belo Horizonte :
Editora Fórum,
Data 2017.
300 ## - DESCRIÇÃO FÍSICA
N. páginas ou volumes 155 p. :
Ilustrações il. ;
Dimensões 21 cm
504 ## - NOTA DE BIBLIOGRAFIA, ETC.
Nota de bibliografia Inclui bibliografia.
650 ## - ASSUNTO TÓPICO
Cabeçalho tópico ou nome geográfico Resíduos sólidos
Subdivisão geral Administração
Subdivisão geográfica Brasil
650 ## - ASSUNTO TÓPICO
Cabeçalho tópico ou nome geográfico Resíduos sólidos
Subdivisão geral Política ambiental
Subdivisão geográfica Brasil
650 ## - ASSUNTO TÓPICO
Cabeçalho tópico ou nome geográfico Desenvolvimento sustentável
Subdivisão geográfica Brasil
650 ## - ASSUNTO TÓPICO
Cabeçalho tópico ou nome geográfico Saneamento ambiental
Subdivisão geográfica Brasil
942 ## - ELEMENTOS DE ENTRADA ADICIONAIS (KOHA)
Fonte de classificação ou esquema de arquivamento Classificação Decimal Universal
Tipo de item do Koha Livros
Holdings
Estado: removido Estado: perdido Fonte de classificação ou esquema de arquivamento Estado: danificado Indisponível para empréstimo Localização permanente Localização atual Data de aquisição Total Checkouts Número de Chamada completo Código de barras Date last seen Número do exemplar Preço efetivo a partir de Tipo de item (Koha)
    Classificação Decimal Universal     Biblioteca da Escola Superior de Contas do TCE/MT Biblioteca da Escola Superior de Contas do TCE/MT 28/07/2023   658:502.131.1 L177p BIBTCEMT23090042 14/09/2023 Ex. 1 14/09/2023 Livros

Powered by Koha